000 00350nam a2200145Ia 4500
008 230312s9999||||xx |||||||||||||| ||und||
020 _a9781119607960
082 _a004.167
_bBAI-I
100 _aBaig,Edward C
245 0 _aIpad for dummies
260 _bWiley
_aCanada
_c2020
300 _a399
650 _aComputer
_vMobile Computing
942 _cBK
999 _c16352
_d16352